Statistics for Name a Valid Product

Click here to take the quiz!

General Stats

  • This quiz has been taken 269 times
    (256 since last reset)
  • The average score is 7 of 16

Answer Stats

#Sales*EnterpriseProduct% Correct
458PepsiCoPepsi, Lay's, Mountain Dew,...
92%
830MarsM&M's, Airwaves, Snickers,...
89%
735Coca-ColaCoca-Cola, Fanta, Sprite,...
86%
1521HeinekenHeineken, Paulaner, Werner Bräu,...
71%
1027Philip MorrisMarlboro, Chesterfield,...
56%
1106NestléNescafé, Nestea, KitKat,...
56%
1126L'OréalVichy, Diesel, Giorgio Armani,...
49%
1423DanoneEvian, Danone, Actimel,...
41%
283P&GAriel, Gillette, Pampers,...
34%
929JTICamel, Winston, Salem,...
32%
1620HenkelPritt, Ponal, Pattex,...
30%
1323British American TobaccoLucky Strike, Winfield, Pall Mall,...
29%
359UnileverAxe, Knorr, Langnese,...
28%
549MondelēzMilka, Daim, Oreo,...
25%
636ABInBevBudweiser, Beck's, Löwenbräu,...
13%
1223Imperial TobaccoJohn Player Special, Davidoff,...
8%

Score Distribution

Percentile by Number Answered

Percent of People with Each Score

Your Score History

You have not taken this quiz since the last reset